| 000 | 00550nam a22001817a 4500 | ||
|---|---|---|---|
| 005 | 20140115112605.0 | ||
| 010 | _aENG-109086 | ||
| 020 |
_a9788174469526 _c995.00 |
||
| 035 | _aEN-92619 | ||
| 037 | _bDBAD/PUB | ||
| 082 | _a338.761 | ||
| 245 |
_aChallenges & opportunities in services sector / _cedited by B. Janakiram...[et al] |
||
| 260 |
_aNew Delhi _bExcel Books _c2011 |
||
| 270 |
_aA- 45, Naraina, Phase 1 _bNew Delhi _e110028 |
||
| 300 |
_axv, 869p. _c25cm(pbk) |
||
| 700 | _aJanakiram,B. | ||
| 942 |
_2ddc _cEN _mCHA _h338.761 |
||
| 999 |
_c81843 _d81843 |
||